000 01235nam a22003737a 4500
001 BR7400651
003 BR-BrBNA
005 20230928084521.0
007 ta
008 230509b bl.||||| |||| 00| 0 por d
040 _aBR-BrBNA
_bpor
_cBiblioteca Nacional de Agricultura
041 _a(Por)
072 _aF01; F30; F40
_b0150
_b/G514
090 _ 0150 BR7400651
110 1 _aBanco Nacional de Desenvolvimento Economico, Brasilia, DF (Brasil);
_91209
110 1 _aInstituto de Pesquisa Agropecuaria do Sul, Pelotas, RS (Brasil);
_96097
110 1 _aInstituto Rio Grandense do Arroz, Porto Alegre (Brasil);
110 1 _aUniversidade Federal do Rio Grande do Sul, Porto Alegre (Brasil). Faculdade de Agronomia
245 1 _aFUNTEC numero 158
_bRelatorio 1 periodo setembro de 1972 a fevereiro de 1973
260 3 _aPelotas, RS (Brasil):
_c1973.
300 _a72 p.
650 _aARROZ
650 _aSEMENTE
650 _aESTATISTICA
650 _aROTACAO DE CULTURA
650 _aERVA DANINHA
650 _aPRATICA CULTURAL
650 _aGENETICA VEGETAL
650 _aECOLOGIA VEGETAL
650 _aPRAGA DE PLANTA
650 _aDOENCA DE PLANTA
909 _a202309
_bLucia
_c55
_dLucia Elande
942 _cBK
999 _c19485
_d19485